000 00483nam a2200205Ia 4500
008 210210b1950 xxu||||| |||| 00| 0 eng d
041 _aeng
082 _a826/208
100 _aWESTLAND (P)
245 _aVictorian age Vol V 1830-1880
260 _aLondon
_bThe English Universities Press Ltd.
_c1950
440 _aV
650 _aVol
650 _aVictorian
650 _aV
650 _aage
650 _a1830-1880
690 _aHistory of Literature
906 _a015756
999 _c135147
_d135147